<?xml version="1.0" encoding="UTF-8"?>
<record
    xmlns:xsi="http://www.w3.org/2001/XMLSchema-instance"
    xsi:schemaLocation="http://www.loc.gov/MARC21/slim http://www.loc.gov/standards/marcxml/schema/MARC21slim.xsd"
    xmlns="http://www.loc.gov/MARC21/slim">

  <leader>00812cam a22002411  4500</leader>
  <controlfield tag="001">sa 66001447 </controlfield>
  <controlfield tag="003">DLC</controlfield>
  <controlfield tag="005">20260227112222.0</controlfield>
  <controlfield tag="008">890724s1965    ii            000 0 hino </controlfield>
  <datafield tag="010" ind1=" " ind2=" ">
    <subfield code="a">sa 66001447 </subfield>
  </datafield>
  <datafield tag="035" ind1=" " ind2=" ">
    <subfield code="a">(OCoLC)20062931</subfield>
  </datafield>
  <datafield tag="040" ind1=" " ind2=" ">
    <subfield code="a">DLC</subfield>
    <subfield code="c">WaU</subfield>
    <subfield code="d">NRU</subfield>
    <subfield code="d">DLC</subfield>
  </datafield>
  <datafield tag="042" ind1=" " ind2=" ">
    <subfield code="a">premarc</subfield>
  </datafield>
  <datafield tag="050" ind1="0" ind2="0">
    <subfield code="a">PK2095.S8</subfield>
    <subfield code="b">B58</subfield>
  </datafield>
  <datafield tag="100" ind1="1" ind2=" ">
    <subfield code="a">&#x15A;arm&#x101;, &#x15A;r&#x12B;niv&#x101;sa,</subfield>
    <subfield code="d">1933-</subfield>
  </datafield>
  <datafield tag="245" ind1="1" ind2="0">
    <subfield code="a">S&#x16B;rad&#x101;sa aura unak&#x101; Bhramarag&#x12B;ta;</subfield>
    <subfield code="b">S&#x16B;ra k&#x101;vya k&#x12B; sam&#x12B;ksh&#x101; tath&#x101; Bhramarag&#x12B;ta k&#x12B; m&#x16B;la sahita vy&#x101;khy&#x101;.</subfield>
    <subfield code="c">Lekhaka &#x15A;r&#x12B;niv&#x101;sa &#x15A;arm&#x101;.</subfield>
  </datafield>
  <datafield tag="250" ind1=" " ind2=" ">
    <subfield code="a">[1. sa&#x1E43;skara&#x1E47;a]</subfield>
  </datafield>
  <datafield tag="260" ind1=" " ind2=" ">
    <subfield code="a">D&#x12B;ll&#x12B;, A&#x15B;oka Prak&#x101;&#x15B;ana</subfield>
    <subfield code="c">[1966, i.e. 1965]</subfield>
  </datafield>
  <datafield tag="300" ind1=" " ind2=" ">
    <subfield code="a">544 p.</subfield>
    <subfield code="c">19 cm.</subfield>
  </datafield>
  <datafield tag="500" ind1=" " ind2=" ">
    <subfield code="a">In Hindi.</subfield>
  </datafield>
  <datafield tag="500" ind1=" " ind2=" ">
    <subfield code="a">Includes S&#x16B;rad&#x101;sa's text of Bhramarag&#x12B;ta.</subfield>
  </datafield>
  <datafield tag="600" ind1="0" ind2="0">
    <subfield code="a">S&#x16B;rad&#x101;sa,</subfield>
    <subfield code="d">1483?-1563?</subfield>
    <subfield code="t">Bhramarag&#x12B;ta.</subfield>
  </datafield>
  <datafield tag="999" ind1=" " ind2=" ">
    <subfield code="c">67818</subfield>
    <subfield code="d">67818</subfield>
  </datafield>
</record>
